Jennifer Garner Movies! - Statistics

General Stats
  • This quiz has been taken 11 times
    5 since last reset
  • The average score is 8 of 45
Answer Stats
Year Movie % Correct
2004 13 Going on 30
100%
2005 Elektra
100%
2003 Daredevil
50%
2000 Dude, Where's My Car?
50%
2007 Juno
50%
2018 Peppermint
50%
2009 The Invention of Lying
50%
2012 The Odd Life of Timothy Green
50%
2014 Alexander and the Terrible, Horrible, No Good, Very Bad Day
25%
2011 Arthur
25%
2011 Butter
25%
2006 Catch and Release
25%
2014 Draft Day
25%
2009 Ghosts of Girlfriends Past
25%
2018 Love, Simon
25%
2016 Miracles From Heaven
25%
2016 Mother's Day
25%
2016 Nine Lives
25%
2001 Pearl Harbor
25%
2010 Valentine's Day
25%
2021 Yes Day
25%
1997 1999
0%
2017 A Happening of Monumental Proportions
0%
2012 Argo
0%
2002 Catch Me If You Can
0%
2008 Dakota Skye
0%
2013 Dallas Buyers Club
0%
2015 Danny Collins
0%
2024 Deadpool and Wolverine
0%
1997 Deconstructing Henry
0%
2002 Dreaming in Black and White
0%
2023 Family Switch
0%
2007 Gone Baby Gone
0%
1996 Harvest of Fire
0%
2014 Men, Women and Children
0%
1997 Mr. Magoo
0%
2001 Rennie's Landing
0%
2022 The Adam Project
0%
2007 The Kingdom
0%
1997 The Player
0%
2017 The Tribes of Palos Verdes
0%
2016 Wakefield
0%
1997 Washington Sqaure
0%
2019 Wonder Park
0%
1995 Zoya
0%
No matching quizzes found
Score Distribution
Percent of People with Each Score
Percentile by Number Answered
Your Score History
You have not taken this quiz since the last reset